Panorámicas: ensayos sobre arte y política

Guardat en:
Dades bibliogràfiques
Autor principal: Berger, John (Autor)
Format: Llibre
Idioma:espanyol
Publicat: Barcelona Gustavo Gili SL 2018
Edició:1a. ed
Matèries:
Etiquetes: Afegir etiqueta
Sense etiquetes, Sigues el primer a etiquetar aquest registre!

MARC

LEADER 00000cam a2200000 a 4500
001 UCC7262
003 CL-VaPUC
008 190322e20180000sp |||||||||||||||||spa|d
020 |a 9788425231124 
082 0 4 |a 701.17  |b BER  |2 21 
100 0 |a Berger, John  |e author  |9 601807 
245 1 0 |a Panorámicas: ensayos sobre arte y política 
250 |a 1a. ed 
300 |a 319 p 
942 |c BK 
945 |d 20190322 14:57:00  |a dcastane 
260 |a Barcelona  |b Gustavo Gili SL  |c 2018 
650 0 |a Estética   |9 264950 
650 0 |a Filosofía del arte  |9 264951 
650 0 |a Arte y sociedad   |9 306277 
650 0 |a Política y cultura  |9 563267 
583 |a last modification  |c 20190322 14:57:00  |k Rodrigo Vera 
999 |c 373947  |d 373945 
952 |0 0  |1 0  |3 erb  |4 0  |6 701_170000000000000_BER_2018  |7 0  |8 A  |9 492283  |a BIBART  |b BIBART  |i 553707K  |l 4  |m 2  |o 701.17 BER 2018  |p 553707K  |r 2025-03-13  |s 2023-08-25  |w 2019-11-24  |y BK  |z Catalogado en:20190322  |k ART